Podniková ekonomika pre 2. až 4. ročník obchodných akadémií
Na minha lista:
| Autor principal: | |
|---|---|
| Outros Autores: | , |
| Formato: | Livro |
| Idioma: | eslovaco |
| Publicado em: |
Bratislava
Slovenské pedagogické nakladateľstvo - Mladé letá
2004
|
| Edição: | 3. preprac. vyd. |
| Assuntos: | |
| Tags: |
Sem tags, seja o primeiro a adicionar uma tag!
|
MARC
| LEADER | 00000nam$a2200000$$$4500 | ||
|---|---|---|---|
| 001 | 0062122 | ||
| 005 | 20240502071711.4 | ||
| 020 | |a 80-10-00544-4 | ||
| 041 | 0 | |a slo | |
| 044 | |a SK | ||
| 245 | 1 | 0 | |a Podniková ekonomika pre 2. až 4. ročník obchodných akadémií |c Anna Kachaňáková, Štefan Majtán, Anna Šlosárová |
| 250 | |a 3. preprac. vyd. | ||
| 264 | 1 | |a Bratislava |b Slovenské pedagogické nakladateľstvo - Mladé letá |c 2004 | |
| 300 | |a 79 s. | ||
| 610 | 2 | 0 | |a hospodárstvo podnikové |
| 610 | 2 | 0 | |a manažment personálny |
| 610 | 2 | 0 | |a hospodárstvo odbytové |
| 610 | 2 | 0 | |a náklady |
| 610 | 2 | 0 | |a výnosy |
| 610 | 2 | 0 | |a výsledok hospodársky |
| 100 | 1 | |a Kachaňáková, Anna | |
| 700 | 1 | |a Majtán, Štefan | |
| 700 | 1 | |a Šlosárová, Anna | |